000 00657nam a2200205 i 4500
001 87617
003 ES-MaACL
005 20251009063054.0
007 t|
008 041222s1979 sp ||||1| spa d
100 1 _aKüng, Hans,
_d1928-
_968961
245 1 0 _a¿Existe Dios?
_b: respuesta al problema de Dios en nuestro tiempo /
_cHans Küng ; [lo tradujo J.Mª Bravo Navalpotro].
250 _a3ª ed.
260 _aMadrid :
_bCristiandad,
_c[1979]
300 _a972 p. ;
_c22 cm.
650 0 4 _aDios-
_xExistencia
_911904
700 1 _aBravo Navalpotro, José María.
_931498
852 _aES-MaACL
_jE-1982
_bR.100148
999 _c87617
_d87617